JavaScript and Ajax for the Web : (Record no. 11173)
[ view plain ]
| 000 -LEADER | |
|---|---|
| fixed length control field | 01150cam a22003374a 4500 |
| 001 - CONTROL NUMBER | |
| control field | 15672456 |
| 005 - DATE AND TIME OF LATEST TRANSACTION | |
| control field | 20201128020736.0 |
| 008 - FIXED-LENGTH DATA ELEMENTS--GENERAL INFORMATION | |
| fixed length control field | 090324s2009 caua b 001 0 eng |
| 010 ## - LIBRARY OF CONGRESS CONTROL NUMBER | |
| LC control number | 2009419024 |
| 020 ## - INTERNATIONAL STANDARD BOOK NUMBER | |
| International Standard Book Number | 9780321564085 |
| 020 ## - INTERNATIONAL STANDARD BOOK NUMBER | |
| International Standard Book Number | 0321564081 |
| 040 ## - CATALOGING SOURCE | |
| Original cataloging agency | DLC |
| Transcribing agency | DLC |
| 050 00 - LIBRARY OF CONGRESS CALL NUMBER | |
| Classification number | QA76.73.J39 |
| Item number | N44 2009 |
| 082 ## - DEWEY DECIMAL CLASSIFICATION NUMBER | |
| Edition number | 22 |
| Classification number | 005.133 |
| Item number | NEG |
| 100 1# - MAIN ENTRY--PERSONAL NAME | |
| Personal name | Negrino, Tom. |
| 9 (RLIN) | 3097 |
| 245 10 - TITLE STATEMENT | |
| Title | JavaScript and Ajax for the Web : |
| Statement of responsibility, etc | Tom Negrino, Dori Smith. |
| Remainder of title | Visual quickstart guide / |
| 246 14 - VARYING FORM OF TITLE | |
| Title proper/short title | JavaScript & Ajax |
| 250 ## - EDITION STATEMENT | |
| Edition statement | 7th ed. |
| 260 ## - PUBLICATION, DISTRIBUTION, ETC. (IMPRINT) | |
| Place of publication, distribution, etc | Berkeley, CA : |
| Name of publisher, distributor, etc | Peachpit Press, |
| Date of publication, distribution, etc | c2009. |
| 300 ## - PHYSICAL DESCRIPTION | |
| Extent | xviii, 525 p. : |
| Other physical details | ill. ; |
| Dimensions | 23 cm. |
| 440 #0 - | |
| -- | Visual quickstart guide |
| -- | 3098 |
| 500 ## - GENERAL NOTE | |
| General note | "Revised bestseller expanded" --- cover |
| 500 ## - GENERAL NOTE | |
| General note | "Learn javascript and ajax the quick and easy way! " --- cover |
| 504 ## - BIBLIOGRAPHY, ETC. NOTE | |
| Bibliography, etc | Includes bibliographical references and index. |
| 650 #0 - SUBJECT ADDED ENTRY--TOPICAL TERM | |
| Topical term or geographic name as entry element | JavaScript (Computer program language) |
| 9 (RLIN) | 3099 |
| 650 #0 - SUBJECT ADDED ENTRY--TOPICAL TERM | |
| Topical term or geographic name as entry element | Web sites |
| General subdivision | Design. |
| 9 (RLIN) | 3100 |
| 650 #0 - SUBJECT ADDED ENTRY--TOPICAL TERM | |
| Topical term or geographic name as entry element | Internet publishing. |
| 9 (RLIN) | 3101 |
| 700 1# - ADDED ENTRY--PERSONAL NAME | |
| Personal name | Smith, Dori. |
| 9 (RLIN) | 3102 |
| 942 ## - ADDED ENTRY ELEMENTS (KOHA) | |
| Source of classification or shelving scheme | Dewey Decimal Classification |
| Item type | Book - Borrowing |
| Withdrawn status | Item status | Source of classification or shelving scheme | Damaged status | Not for loan | Vendor | Home library | Current library | Shelving location | Date acquired | Source of acquisition | Cost, normal purchase price | Serial Enumeration / chronology | Total Checkouts | Total Renewals | Full call number | Barcode | Date last seen | Date last borrowed | Koha item type |
|---|---|---|---|---|---|---|---|---|---|---|---|---|---|---|---|---|---|---|---|
| Dewey Decimal Classification | Alahram | Central Library | Central Library | Lower Floor | 02/04/2009 | 190.00 | 376 | 3 | 3 | 005.133 NEG | 000015843 | 15/07/2025 | 06/05/2021 | Book - Borrowing |